01334nam a2200205 4500001000800000007000300008008004100011040000800052041000800060100003700068245008000105246002000185300002000205520069700225650001500922650002100937650001100958653005100969773010801020ESSALUDta t2026 pe ||||| |||| 00| 0 spa d aBMG aspa aSolari Yokota, Jorge Luiseautor aDesafíos del Hospital Nacional Edgardo Rebagliati Martíns hacia el 2050 aCarta al Editor apáginas 66-67 aEl Hospital Nacional Edgardo Rebagliati Martíns (HNERM), desde su creación en 1958, ha sido una institución emblemática de la seguridad social peruana. En la actualidad más que un hospital de alta complejidad, su situación está reflejando, y en muchos casos anticipando, las tensiones estructurales del sistema sanitario nacional. La sobre congestión y sobre saturación que hoy ocurre en sus salas y unidades críticas no solo es la expresión de la demanda actual, sino un indicio temprano de los retos y desafíos que el país enfrentará en las próximas décadas, en consonancia con la planificación sanitaria nacional al 2030 y la visión prospectiva al 2050. aHOSPITALES aSEGURIDAD SOCIAL aPERÚ aHOSPITAL NACIONAL EDGARDO REBAGLIATI MARTÍNS0 022497dLima : IETSIoCITES01tCiencia y Tecnología aplicada a la Salud PúblicawESSALUDx3119-7981